000 01094nam a22002657a 4500
005 20240530110525.0
008 160301s2012 ua f b 000 0 ara d
017 _a2012/15860
_bمصر . دار الكتب المصرية
020 _a 9789775199009 (ج1 )
020 _a9789775199010 (ج2 )
040 _aEG-CaGPL
082 0 4 _221
_a962.081
_bق/آ ث
100 0 _aامال حسن عبدالفضيل
245 1 0 _aثورة 25 يناير :
_bالجزء الاول : الجزء الثانى /
_cامال حسن عبدالفضيل
250 _aط1
260 _aالقاهرة :
_bدار اقلام للنشر و التوزيع ،
_c2012 .
300 _a2 جزء ؛
_c24 سم .
490 _aسلسلة ثورات مصرية و عربية
504 _aيشتمل على ارجاعات ببليوجرافية
650 0 4 _aثورة 25 يناير
651 0 4 _aمصر
_xتاريخ
_yالعصر الحديث
_xحسنى مبارة
651 0 4 _aمصر
_xتاريخ
_yالعصر الحديث
_xثورة 25 يناير
942 _2ddc
_cBK
999 _c61973
_d61973